000 00830cam a2200265 a 4500
001 000008439
005 20200929161337.0
008 850610m20002000uy 010 0 spa d
020 _a9974360617
040 _aDO-SdBNP
_cCSdS
_dDLC
_dBNPHU
042 _apremarc
043 _as-uy
082 _aU863.44
_bR685v, 2000
100 1 _aRodó, José Enrique,
_d1871-1917.
_93052
245 1 3 _aLa vida nueva /
_cJosé Enrique Rodó.
260 _aMontevideo, :
_bDornaleche y Reyes,
_c2000.
300 _av :
_bfasc. ;
_c19 cm.
500 _aHomenaje al Centenario de "Ariel" de José Enrique Rodó, 1900-2000
505 0 _aLema.--El que vendra.--La novela nueva.
500 _aEdición fascimilar
650 4 _aNovela uruguaya
_95679
650 4 _aLiteratura uruguaya
_93054
910 _aCatalogación derivada
049 _aBNGR
999 _c8210
_d8210